000 01316cam a2200337 a 4500
001 13461030
003 OSt
005 20150408113723.0
008 040116s2003 nyua 001 0 eng
010 _a 2004268311
015 _aGBA3-W5106
020 _a0072229411
035 _a(OCoLC)ocm52532332
040 _aUKM
_cUKM
_dIXA
_dDLC
042 _alccopycat
050 0 0 _aQA76.76.O63
_bY44 2003
082 0 0 _a005.4/476
_222
100 1 _aYegulalp, Serdar.
_94719
245 1 0 _aWindows Server undocumented solutions :
_bbeyond the knowledge base /
_cSerdar Yegulalp.
260 _aNew York :
_bMcGraw-Hill/Osborne,
_c2003.
300 _axx, 297 p. :
_bill. ;
_c24 cm.
500 _aIncludes index.
630 0 0 _aMicrosoft Windows server.
_94704
650 0 _aOperating systems (Computers)
_94005
856 4 2 _3Publisher description
_uhttp://www.loc.gov/catdir/description/mh051/2004268311.html
856 4 1 _3Table of contents
_uhttp://www.loc.gov/catdir/toc/mh041/2004268311.html
856 4 2 _3Contributor biographical information
_uhttp://www.loc.gov/catdir/enhancements/fy0705/2004268311-b.html
906 _a7
_bcbc
_ccopycat
_d2
_encip
_f20
_gy-gencatlg
942 _2ddc
_cBOOK
999 _c839
_d235339